Filmografia di Alfred Hitchcock - Statistics

Statistiche generali
  • Questo quiz è stato fatto 24 volte
  • Il punteggio medio è 11 su 55
Statistiche sulle risposte
Anno Film % Corretto
1963 Gli Uccelli
91%
1960 Psyco
91%
1958 La donna che visse due volte
83%
1954 La finestra sul cortile
74%
1959 Intrigo internazionale
65%
1955 Caccia al ladro
48%
1956 Il ladro
48%
1934 L'uomo che sapeva troppo
48%
1956 L'uomo che sapeva troppo
48%
1964 Marnie
48%
1954 Il delitto perfetto
39%
1966 Il sipario strappato
39%
1948 Nodo alla gola
39%
1940 Rebecca - La prima moglie
39%
1972 Frenzy
35%
1969 Topaz
35%
1945 Io ti salverò
30%
1942 Sabotatori
26%
1955 La congiura degli innocenti
22%
1951 L'altro uomo
22%
1938 La signora scompare
22%
1946 Notorious - L'amante perduta
22%
1976 Complotto di famiglia
17%
1935 Il club dei 39
17%
1941 Il sospetto
13%
1953 Io confesso
13%
1936 Sabotaggio
13%
1927 Il pensionante
9%
1940 Il prigioniero di Amsterdam
9%
1939 La taverna della Giamaica
9%
1937 Giovane e innocente
4%
1947 Il caso Paradine
4%
1949 Il peccato di Lady Considine
4%
1929 L'isola del peccato
4%
1943 L'ombra del dubbio
4%
1922 Number 13
4%
1944 Prigionieri dell'oceano
4%
1936 Amore e mistero
0%
1931 Fiamma d'amore
0%
1930 Giunone e il pavone
0%
1927 Il declino
0%
1925 Il labirinto delle passioni
0%
1941 Il signore e la signora Smith
0%
1928 La moglie del fattore
0%
1926 L'aquila della montagna
0%
1931 Mary
0%
1932 Numero diciassette
0%
1930 Omicidio!
0%
1950 Paura in palcoscenico
0%
1929 Ricatto
0%
1931 Ricco e strano
0%
1928 Tabarin di lusso
0%
1934 Vienna di Strauss
0%
1927 Vinci per me!
0%
1928 Virtù facile
0%
Nessun quiz corrispondente trovato
Distribuzione punteggi
Percentuale di utenti per punteggio
Percentile per numero di risposta
I tuoi punteggi nel tempo
Non hai fatto questo quiz